[Event "Oberliga Nord W9596"]
[Site "Germany"]
[Date "1995.??.??"]
[Round "?"]
[White "Sawatzki, Frank"]
[Black "Hauschild, Andreas"]
[Result "0-1"]
[WhiteElo "2245"]
[BlackElo "2225"]

1.e4 c5 2.Nf3 Nc6 3.Bb5 g6 4.O-O Bg7 5.c3 e5 6.d4 exd4 7.cxd4 cxd4 8.Bf4 a6
9.Ba4 b5 10.Bb3 d6 11.a4 b4 12.Nbd2 Nge7 13.Nc4 O-O 14.Bxd6 Be6 15.e5 Re8
16.Ng5 Bd5 17.Re1 Nf5 18.f4 h6 19.Ne4 Kh7 20.a5 f6 21.g4 fxe5 22.gxf5 gxf5
23.Ng3 Bxc4 24.Bxc4 Qxd6 25.Nxf5 Qg6+ 26.Ng3 exf4 27.Rxe8 Qxe8 28.Nf5 Ne5
29.Bd5 Rd8 30.Be4 Kh8 31.Rc1 d3 32.Nh4 Qe7 33.Ng2 Qg5 34.Rc7 d2  0-1

[Event "Oberliga Nord W9596"]
[Site "Germany"]
[Date "1995.??.??"]
[Round "?"]
[White "Schwekendiek, Ulrich"]
[Black "Schaefer, Anke"]
[Result "1-0"]
[WhiteElo "2300"]
[BlackElo "2155"]

1.e4 c5 2.Nf3 Nc6 3.Bb5 g6 4.Bxc6 dxc6 5.O-O Bg7 6.d3 Nf6 7.Nc3 O-O 8.Be3 b6
9.Qd2 Ng4 10.Bf4 e5 11.Bg3 f6 12.h3 Nh6 13.Nh2 Nf7 14.f4 Bh6 15.Qe2 exf4
16.Bxf4 Qd4+ 17.Kh1 Bxf4 18.Rxf4 Ne5 19.Raf1 Kg7 20.Qf2 Qxf2 21.R4xf2 Be6
22.g4 Rad8 23.Ne2 Rd6 24.Kg2 Rf7 25.Kg3 Bxa2 26.Nf3 Nxf3 27.Rxf3 Be6 28.Nf4 Rfd7
29.h4 Bg8 30.g5 fxg5 31.hxg5 Re7 32.Re1 Re5 33.Nh3 c4 34.Kf4 Re8 35.Ke3 cxd3
36.cxd3 c5 37.b4 Red8 38.Rd1 cxb4 39.d4 Rc6 40.d5 Rc3+ 41.Rd3 b5 42.Nf4 h6
43.gxh6+ Kxh6 44.Rh3+ Kg7 45.Rg3 Bf7 46.Kd4 Rxd3+ 47.Rxd3 g5 48.Rg3 Kf6 49.Nd3 Rc8
50.e5+ Ke7 51.Nc5 Rd8 52.e6 Be8 53.Ke5 Rc8 54.d6+ Kf8 55.d7 Rxc5+ 56.Kd6 Bxd7
57.exd7  1-0

[Event "BL2-N9495"]
[Site "Germany"]
[Date "1995.??.??"]
[Round "?"]
[White "Oratovsky, Michael"]
[Black "Hegeler, Frank"]
[Result "0-1"]
[WhiteElo "2520"]
[BlackElo "2220"]

1.e4 c5 2.Nf3 Nc6 3.Bb5 e6 4.Bxc6 dxc6 5.d3 Ne7 6.Qe2 Ng6 7.e5 f5 8.h4 Be7
9.Bg5 Bxg5 10.hxg5 Qb6 11.b3 Qb4+ 12.Kf1 Qg4 13.Qe3 Nf4 14.Rh2 h5 15.Nc3 h4
16.Ne2 Ng6 17.Qxc5 Bd7 18.Rh3 b6 19.Qd6 c5 20.a4 Rc8 21.Rd1 f4 22.d4 c4 23.d5 cxb3
24.cxb3 Ne7 25.Nh2 Qxg5 26.dxe6 Bc6 27.Nf3 Qg6 28.Nxf4 Qc2 29.Rxh4 Rxh4 30.Nxh4 g5
31.Nh5 gxh4 32.Nf6+ Kf8 33.Kg1 Qg6 34.Nd7+ Kg8 35.Qxe7 Qxg2+  0-1

[Event "BL9495 (Women)"]
[Site "Germany"]
[Date "1995.??.??"]
[Round "202"]
[White "Wagner Michel, Annett"]
[Black "Heinatz, Gundula"]
[Result "1-0"]
[WhiteElo "2180"]
[BlackElo "2220"]

1.e4 c5 2.Nf3 Nc6 3.Bb5 g6 4.O-O Bg7 5.Re1 Nf6 6.c3 O-O 7.e5 Nd5 8.d4 cxd4
9.cxd4 d6 10.Bxc6 bxc6 11.h3 Qb6 12.Nbd2 Ba6 13.Ne4 dxe5 14.Nxe5 Rad8 15.Nc5 Bc8
16.a3 Nc7 17.Qa4 Nb5 18.Be3 Rd5 19.Rac1 Rfd8 20.Ncd3 Bxe5 21.Nxe5 Bb7 22.Qb4 Qc7
23.Qc4 e6 24.Ng4 Qe7 25.Rcd1 h5 26.Ne5 Qd6 27.Qb3 Qe7 28.Nf3 Nd6 29.Bf4 Nf5
30.Bg5 Qc7 31.Bxd8 Rxd8 32.Rd2 Ne7 33.Qe3 Nd5 34.Qg5 Qe7 35.Qg3 Nb6 36.Rde2 Rd6
37.Re5 Nd5 38.Rxh5 Nf6 39.Rh6  1-0

[Event "BL2-N9495"]
[Site "Germany"]
[Date "1995.??.??"]
[Round "?"]
[White "Seils, Joerg"]
[Black "Borik, Otto"]
[Result "1-0"]
[WhiteElo "2370"]
[BlackElo "2415"]

1.e4 c5 2.Nf3 Nc6 3.Bb5 g6 4.O-O Nf6 5.Re1 Bg7 6.c3 O-O 7.h3 d5 8.e5 Nd7
9.d4 Qb6 10.Bf1 e6 11.Na3 cxd4 12.cxd4 f6 13.exf6 Nxf6 14.Nc2 Ne4 15.Re3 Bd7
16.Rb3 Qc7 17.Be3 Na5 18.Ra3 Nc4 19.Bxc4 dxc4 20.Ne5 b5 21.Nxd7 Qxd7 22.Qg4 Nf6
23.Qh4 Nd5 24.Bh6 Bxh6 25.Qxh6 Nf4 26.Re3 Rf5 27.Qh4 Raf8 28.f3 Qd5 29.Re4 Rh5
30.Qe7 Qg5 31.Qxg5 Rxg5 32.g4 Nxh3+ 33.Kg2 Nf4+ 34.Kg3 Nd3 35.Rxe6 Nxb2 36.Nb4 h5
37.Kh4 a5 38.Kxg5 axb4 39.Rxg6+ Kh7 40.Rh1  1-0

[Event "BL2-N9495"]
[Site "Germany"]
[Date "1995.??.??"]
[Round "?"]
[White "Seils, Joerg"]
[Black "Kalinitschew, Sergey"]
[Result "0-1"]
[WhiteElo "2350"]
[BlackElo "2485"]

1.e4 c5 2.Nf3 Nc6 3.Bb5 g6 4.O-O Bg7 5.c3 Nf6 6.Re1 O-O 7.h3 e5 8.d4 cxd4
9.cxd4 Nxd4 10.Nxd4 exd4 11.e5 Nd5 12.Bc4 Nb6 13.Bb3 d6 14.f4 dxe5 15.fxe5 Be6
16.Nd2 Bxb3 17.axb3 Qd5 18.Nf3 Rfe8 19.Qxd4 Qxd4+ 20.Nxd4 Bxe5 21.Nf3 Bd4+
22.Kf1 Rxe1+ 23.Kxe1 Bf6 24.Be3 Bxb2 25.Ra2 Bc3+ 26.Kf2 Nc8 27.Rc2 Bf6 28.Rd2 b5
29.Rd7 a5 30.Bg5 Kg7 31.Bxf6+ Kxf6 32.Nd4 a4 33.b4 a3 34.Nc2 a2 35.Na1 Ke6
36.Rc7 Nd6 37.Ke2 Ra4 38.Rc2 Rxb4 39.Rxa2 Ra4 40.Rxa4 bxa4 41.Kd3 Ke5  0-1

[Event "BL2-N9495"]
[Site "Germany"]
[Date "1995.??.??"]
[Round "?"]
[White "Slobodjan, Roman"]
[Black "Tomczak, Rainer"]
[Result "1-0"]
[WhiteElo "2465"]
[BlackElo "2320"]

1.e4 c5 2.Nf3 Nc6 3.Bb5 e6 4.Bxc6 dxc6 5.d3 Qc7 6.e5 Ne7 7.Nc3 Ng6 8.Qe2 f6
9.h4 Nxe5 10.Nxe5 Qxe5 11.Qxe5 fxe5 12.Ne4 Be7 13.b3 O-O 14.Bb2 b6 15.Kd2 Bd7
16.a4 Be8 17.h5 Rd8 18.Ke2 c4 19.bxc4 c5 20.f3 Bf6 21.Ra2 Bc6 22.Nf2 Ra8
23.Ba1 a6 24.Rb1 b5 25.axb5 axb5 26.Rxa8 Rxa8 27.cxb5 Bb7 28.Ne4 Bxe4 29.dxe4 c4
30.b6 Rb8 31.b7 Kf7 32.f4  1-0

[Event "BL2-N9495"]
[Site "Germany"]
[Date "1995.??.??"]
[Round "?"]
[White "Slobodjan, Roman"]
[Black "Votava, Jan"]
[Result "1/2-1/2"]
[WhiteElo "2490"]
[BlackElo "2400"]

1.e4 c5 2.Nf3 Nc6 3.Bb5 g6 4.O-O Bg7 5.Bxc6 bxc6 6.Re1 Nh6 7.c3 O-O 8.h3 f6
9.d4 cxd4 10.cxd4 Nf7 11.b3 d6 12.Qc2 Bd7 13.Nc3 Qa5 14.Bd2 Rae8 15.Rac1 Qh5
16.Ne2 Ng5 17.Nxg5 fxg5 18.Ng3 Qh4 19.Qd3 g4 20.hxg4 Qxg4 21.e5 d5 22.Ne2 Rf5
23.Qg3 Qe4 24.Qe3 Qh4 25.Qg3 Qe4 26.Rc3 Rff8 27.f3 Qf5 28.Qg5 Qf7 29.Rc5 h6
30.Qe3 g5 31.Ra5 Ra8 32.Kf2 Qg6 33.Rh1 Rf7 34.Ng3 g4 35.Nh5 gxf3 36.g3 Raf8
37.Rxa7 Bg4 38.Nxg7 Rxg7 39.Rxh6 Qb1 40.Rh4 Qd1 41.Be1 Qe2+ 42.Qxe2 fxe2+
43.Ke3 Rf1 44.Kd2 Bf3 45.Ra8+ Kf7 46.Rc8 Ke6 47.Rh6+ Kf5 48.Rf8+ Kg5 49.Rxc6 Bg4
50.Rf2 Rh7 51.Rc1 Rhh1 52.Rf4 Rh3 53.a4 Rxf4 54.gxf4+ Kxf4 55.Rc3 Ke4 56.Rxh3 Bxh3
57.Bf2 e1=N 58.Kxe1 Kd3 59.b4 Kc4 60.b5 Bc8 61.b6 Kb4 62.e6 Ka5  1/2-1/2

[Event "BL2-N9495"]
[Site "Germany"]
[Date "1995.??.??"]
[Round "?"]
[White "Sperlich, Olaf"]
[Black "Naumann, Frank"]
[Result "1/2-1/2"]
[WhiteElo "2290"]
[BlackElo "2260"]

1.e4 c5 2.Nf3 Nc6 3.Bb5 g6 4.O-O Bg7 5.Re1 Nf6 6.c3 O-O 7.d4 Qb6 8.Na3 cxd4
9.e5 Nd5 10.cxd4 d6 11.Bc4 Nc7 12.Bb3 d5 13.h3 Bf5 14.Bc2 Bxc2 15.Nxc2 Ne6
16.Rb1 Rac8 17.Be3 Nb4 18.Nxb4 Qxb4 19.a3 Qb5 20.Qd2 Rc6 21.Rec1 Rfc8 22.Rxc6 Rxc6
23.Rc1 Nd8 24.Rc3 Qa5 25.b4 Qa4 26.Ne1 Rxc3 27.Qxc3 Qc6 28.Qxc6 Nxc6 29.Nd3 b5
30.Nc5 Nb8 31.Kf1 e6 32.Ke2 Bf8 33.Nb7 Nc6 34.Kd3 Be7 35.Kc3 Kf8 36.Kb3 Ke8
37.Na5 Nxa5+ 38.bxa5 a6 39.g3 Kd7 40.f4 f6 41.Bd2 fxe5 42.fxe5 Bd8 43.h4 h5
44.Kb4 Be7+ 45.Kb3 Ke8 46.Bg5  1/2-1/2

[Event "BL2-N9495"]
[Site "Germany"]
[Date "1995.??.??"]
[Round "?"]
[White "Tomczak, Rainer"]
[Black "Apel, Stefan"]
[Result "0-1"]
[WhiteElo "2320"]
[BlackElo "2305"]

1.e4 c5 2.Nf3 Nc6 3.Bb5 g6 4.O-O Bg7 5.Re1 e5 6.c3 Nge7 7.d3 O-O 8.a4 d6
9.Nbd2 h6 10.Rb1 Na5 11.b4 a6 12.bxa5 axb5 13.axb5 Rxa5 14.Nc4 Ra8 15.Bd2 f5
16.Qb3 Kh7 17.Ra1 Rxa1 18.Rxa1 Be6 19.Qa4 Nc8 20.Ne3 Nb6 21.Qc2 c4 22.dxc4 Nxc4
23.Nxc4 Bxc4 24.exf5 Rxf5 25.Qa4 Qc8 26.Qb4 d5 27.Ra7 Rxf3 28.gxf3 Qh3 29.Ra1 Qxf3
30.Qc5 Qg4+ 31.Kh1 Be2 32.Qxd5 Bf3+ 33.Qxf3 Qxf3+ 34.Kg1 Qd3 35.Be3 Qxb5
36.Rc1 h5 37.c4 Qc6 38.c5 Bh6  0-1

[Event "BL2-O9495"]
[Site "Germany"]
[Date "1995.??.??"]
[Round "?"]
[White "Jansa, Vlastimil"]
[Black "Naumann, Alexander"]
[Result "1/2-1/2"]
[WhiteElo "2500"]
[BlackElo "2235"]

1.e4 c5 2.Nf3 Nc6 3.Bb5 e6 4.O-O Nge7 5.b3 Ng6 6.Bb2 f6 7.c3 a6 8.Bxc6 dxc6
9.d4 Be7 10.Nbd2 O-O 11.Qc2 e5 12.dxe5 fxe5 13.c4 Qc7 14.Rfe1 Bf6 15.Nf1 Nf4
16.Ne3 Ne6 17.Ng4 Nd4 18.Nxf6+ Rxf6 19.Bxd4 cxd4 20.c5 Bg4 21.Nd2 Raf8 22.f3 Be6
23.Nc4 Kh8 24.Nd6 Rg6 25.Rf1 Qe7 26.Rf2 Bh3 27.Kh1 Be6 28.Rg1 Rh6 29.g3 Rhf6
30.Qe2 Bg4 31.Rgf1 Bh3 32.Rd1 Bg4 33.Rdf1 Bh5 34.Rd1 Bg4 35.Rd3 g6 36.Qf1 Qd7
37.Kg1 g5 38.b4 b5 39.Ra3 h6 40.Qd1 Qe6 41.Rd3 Qd7 42.Qb3 Be6 43.Qa3 Bc4
44.Rdd2 Be6 45.Qxa6 Rxf3 46.Rxf3 Rxf3 47.Rf2 Rxf2 48.Kxf2 Bg8 49.Qc8 Qa7
50.Qf8 Qxa2+ 51.Kg1 Qb1+ 52.Kg2 Qa2+ 53.Kh3 g4+ 54.Kxg4 Qe2+ 55.Kh3 Qh5+
56.Kg2 Qe2+ 57.Qf2 Qxf2+ 58.Kxf2 Be6 59.Kf3 Kg7 60.Nb7 h5 61.Na5 Bd7 62.h3 Kf6
63.Kg2 Kg5 64.Nb3 Be6 65.Nd2 Kf6 66.Nf3 Bd7 67.Ne1 Be6 68.Nd3 Bc4 69.Nb2 Be6
70.Nd1 Kg5 71.Nf2 Bf7 72.Kf3 Bg6 73.h4+ Kf6 74.g4 Bf7 75.Nh1 hxg4+ 76.Kxg4 Be6+
77.Kf3 Bf7 78.Ng3 Be6 79.Nf1 Bf7 80.Kg4 Be6+ 81.Kg3 Bf7 82.Kg4 Be6+ 83.Kf3 Bf7
84.Ng3 Be6 85.Nf1 Bf7 86.Ng3 Be6  1/2-1/2

[Event "BL2-O9495"]
[Site "Germany"]
[Date "1995.??.??"]
[Round "?"]
[White "Kestler, Hans Guenther"]
[Black "Doeres, Hans Juergen"]
[Result "1-0"]
[WhiteElo "2350"]
[BlackElo "2270"]

1.e4 c5 2.Nf3 Nc6 3.Bb5 e6 4.O-O Nge7 5.Re1 a6 6.Bf1 Ng6 7.c3 Be7 8.d4 cxd4
9.cxd4 d6 10.d5 Nce5 11.Nxe5 dxe5 12.Nc3 O-O 13.Qb3 b5 14.a3 Bc5 15.Be3 Bxe3
16.Rxe3 exd5 17.Nxd5 Nf4 18.Qc3 Nxd5 19.exd5 Qxd5 20.Rxe5 Qd6 21.Rg5 f6 22.Rc5 Bd7
23.b4 Rfe8 24.Rc1 Rac8 25.g3 Be6 26.Qc2 Red8 27.a4 bxa4 28.Qxa4 Rxc5 29.bxc5 Qd2
30.Qa3 Bd5 31.c6 Rc8 32.c7 Qd4 33.Qe7 Qb6 34.Bh3 Qb2 35.Be6+  1-0

[Event "BL2-O9495"]
[Site "Germany"]
[Date "1995.??.??"]
[Round "?"]
[White "Schoeneberg, Manfred"]
[Black "Loew, Gerald"]
[Result "1-0"]
[WhiteElo "2340"]
[BlackElo "2270"]

1.e4 c5 2.Nf3 Nc6 3.Bb5 g6 4.O-O Bg7 5.c3 Nf6 6.e5 Nd5 7.d4 cxd4 8.cxd4 Nc7
9.Nc3 O-O 10.h3 d6 11.Bxc6 bxc6 12.Qa4 Bb7 13.exd6 exd6 14.Bg5 Qd7 15.Rfe1 Ne6
16.Bh4 Rae8 17.Rad1 Ba8 18.Bg3 f5 19.d5 Nc5 20.dxc6 Qf7 21.Qh4 Bf6 22.Ng5 Bxg5
23.Qxg5 f4 24.Rxe8 Qxe8 25.Qd5+ Qf7 26.Bxf4 Bxc6 27.Qxf7+ Rxf7 28.Bxd6 Ne4
29.Nxe4 Bxe4 30.Be5 Re7 31.Bc3 Bc2 32.Re1 Rd7 33.Kh2 Kf7 34.Kg3 Rd5 35.Re2 Bb1
36.a3 Bf5 37.h4 h5 38.Kf4 Bc8 39.Re5 Rd6 40.Rc5 Bd7 41.Rc7 a6 42.Ke5 Re6+
43.Kd5 Ke8 44.Ra7 Ke7 45.Bb4+ Ke8 46.Ra8+ Kf7 47.Rf8+ Kg7 48.Rd8  1-0

[Event "NRW-Liga II 9495"]
[Site "Germany"]
[Date "1995.??.??"]
[Round "?"]
[White "Auer, Martin"]
[Black "Rosen, Willy"]
[Result "1-0"]
[WhiteElo "2315"]
[BlackElo "2260"]

1.e4 c5 2.Nf3 Nc6 3.Bb5 g6 4.O-O Bg7 5.Re1 e5 6.Bxc6 bxc6 7.b4 cxb4 8.a3 Ne7
9.axb4 O-O 10.Bb2 d6 11.d4 Qc7 12.Nbd2 Bg4 13.dxe5 dxe5 14.Ra5 Rfb8 15.Qa1 Bxf3
16.Nxf3 Rxb4 17.Bxe5 Bxe5 18.Nxe5 Rb5 19.Rxb5 cxb5 20.Ng4 h5 21.Nh6+ Kh7
22.Nxf7 Qf4 23.Ne5 Rc8 24.Nf3 Rxc2 25.Qxa7 Rc7 26.Qa3 h4 27.g3 hxg3 28.hxg3 Qf6
29.e5 Qb6 30.Ng5+ Kh6 31.Qf3 Nf5 32.Ne4 b4 33.Qh1+ Kg7 34.Nf6 Qe6 35.Qh7+ Kf8
36.Qh8+ Ke7 37.Qe8+  1-0

[Event "Oberliga Ost C9495"]
[Site "Germany"]
[Date "1995.??.??"]
[Round "?"]
[White "Zimmermann, Frank"]
[Black "Enzmann, Steffen"]
[Result "1/2-1/2"]
[WhiteElo "2295"]
[BlackElo "2160"]

1.e4 c5 2.Nf3 Nc6 3.Bb5 g6 4.c3 Bg7 5.O-O Nf6 6.e5 Nd5 7.d4 cxd4 8.cxd4 O-O
9.Nc3 Nxc3 10.bxc3 d6 11.exd6 Qxd6 12.a4 a6 13.Ba3 Qc7 14.Bxc6 bxc6 15.Re1 Re8
16.h3 Be6 17.Ne5 Rab8 18.Qd3 a5 19.Bc5 Rb3 20.Rac1 Reb8 21.Qe4 Bd5 22.Qf4 Bxe5
23.Qxe5 Qxe5 24.Rxe5 Rb1  1/2-1/2

[Event "Landesliga N9596 Bayern"]
[Site "Germany"]
[Date "1995.??.??"]
[Round "?"]
[White "Vojtech, Jaroslav"]
[Black "Palek, Miroslav"]
[Result "1-0"]
[WhiteElo "2285"]
[BlackElo "2205"]

1.e4 c5 2.Nf3 Nc6 3.Bb5 d6 4.O-O Bd7 5.c3 a6 6.Ba4 Nf6 7.Re1 b5 8.Bc2 Bg4
9.d4 Bxf3 10.gxf3 e5 11.d5 Nb8 12.a4 Nbd7 13.Qe2 c4 14.axb5 axb5 15.Rxa8 Qxa8
16.Na3 Qa5 17.Be3 Be7 18.Kh1 O-O 19.Rg1 Re8 20.f4 exf4 21.Bxf4 Bf8 22.Qf3 Ne5
23.Bxe5 dxe5 24.Qxf6  1-0

[Event "BL2-W9495"]
[Site "Germany"]
[Date "1995.??.??"]
[Round "?"]
[White "Buscher, Michael"]
[Black "Zimmer, Ralph"]
[Result "1-0"]
[WhiteElo "2300"]
[BlackElo "2260"]

1.e4 c5 2.Nf3 Nc6 3.Bb5 d6 4.O-O Bg4 5.h3 Bh5 6.Re1 e6 7.Bxc6+ bxc6 8.e5 dxe5
9.g4 e4 10.Rxe4 Bg6 11.Ra4 Bd6 12.d3 Ne7 13.Nbd2 Nd5 14.Nc4 Be7 15.Nfe5 Qc7
16.Bd2 f6 17.Nxg6 hxg6 18.Qf3 Kf7 19.Re1 Bd6 20.Ra6 Bf4 21.Be3 Bxe3 22.fxe3 Nb6
23.Nd2 Qb7 24.Ra5 c4 25.Ne4 Qe7 26.Rc5 cxd3 27.cxd3 Nd7 28.Rc3 Rab8 29.Re2 Ne5
30.Qg3 Qd7 31.Rf2 Ke7 32.g5 Rbf8 33.d4 Qd5 34.dxe5 Qxe4 35.exf6+ gxf6 36.gxf6+ Kd7
37.Rd2+ Kc8 38.Qd6 Kb7 39.Qd7+ Ka8 40.Ra3 a5 41.Rxa5+ Kb8 42.Qa7+ Kc8 43.Qa8+ Kc7
44.Ra7+  1-0

[Event "Wuerttemberg-ch"]
[Site "Germany"]
[Date "1995.??.??"]
[Round "2"]
[White "Holzhaeuer, Mathias"]
[Black "Kessler, Dietmar"]
[Result "1-0"]
[WhiteElo "2330"]
[BlackElo "2275"]

1.e4 c5 2.Nf3 Nc6 3.Bb5 g6 4.O-O Bg7 5.Re1 Nf6 6.Nc3 O-O 7.e5 Ng4 8.Bxc6 dxc6
9.h3 Nh6 10.d3 b6 11.b3 Nf5 12.Bb2 Nd4 13.Ne4 Be6 14.Ned2 h6 15.a4 Bd5 16.a5 Bxf3
17.Nxf3 Qd5 18.Re4 Nxf3+ 19.Qxf3 Rfd8 20.Rae1 Qe6 21.Qe3 Qd5 22.Qg3 e6 23.Bc1 c4
24.Rxc4 Qxa5 25.b4 Qd5 26.Rh4 a5 27.Bxh6 Bxh6 28.Rxh6 Kf8 29.Qh4 Ke8 30.Re4 c5
31.bxc5 bxc5 32.Rf4 Qxe5 33.Rh8+ Kd7 34.Rxf7+ Kc6 35.Rxd8  1-0

[Event "Landesliga S9495 Bayern"]
[Site "Germany"]
[Date "1995.??.??"]
[Round "6"]
[White "Wunderlich, Hans Dieter"]
[Black "Sirch, Franz"]
[Result "1-0"]
[WhiteElo "2090"]
[BlackElo "2085"]

1.e4 c5 2.Nf3 Nc6 3.Bb5 e6 4.Bxc6 bxc6 5.d3 d5 6.O-O Nf6 7.e5 Nd7 8.Bg5 Be7
9.Bxe7 Qxe7 10.Re1 O-O 11.Nbd2 Rb8 12.b3 f6 13.Qe2 f5 14.h4 Ba6 15.c4 g6
16.g3 Kg7 17.Ng5 h6 18.Nh3 Rh8 19.Nf3 Kf7 20.Qd2 Rbg8 21.Kg2 d4 22.Rh1 Qd8
23.Rae1 Bb7 24.Nf4 g5 25.hxg5 hxg5 26.Rxh8 Rxh8 27.Nxe6 Kxe6 28.Nxg5+ Ke7
29.e6 Nf6 30.Nf7 Qb8 31.Nxh8 Qxh8 32.Qf4 Ng4 33.Qc7+ Kf6 34.Qf7+ Kg5 35.f4+  1-0

[Event "Graz op"]
[Site "Graz"]
[Date "1995.??.??"]
[Round "2"]
[White "Weinzettl, Ernst"]
[Black "Spindelboeck, Gernot"]
[Result "0-1"]
[WhiteElo "2390"]
[BlackElo "2200"]

1.e4 c5 2.Nf3 Nc6 3.Bb5 g6 4.Bxc6 bxc6 5.d3 Bg7 6.Nc3 Nf6 7.Be3 d6 8.h3 O-O
9.Qd2 Rb8 10.Rb1 e5 11.Bh6 Be6 12.g4 c4 13.d4 exd4 14.Nxd4 Qc8 15.Bxg7 Kxg7
16.Nf5+ Bxf5 17.exf5 Re8+ 18.Kf1 d5 19.f3 Qd7 20.Qd4 c5 21.Qxc5 d4 22.Rd1 Qb7
23.Ne4 Rxe4 24.Rh2 Rf4 25.Rf2 Rxf3 26.Qxd4 Rxf2+ 27.Kxf2 Qb6 28.g5 Qxd4+
29.Rxd4 Ne8 30.f6+ Kf8 31.b3 cxb3 32.axb3 h6 33.h4 hxg5 34.hxg5 Rb5 35.Rg4 Nc7
36.Rc4 Ne8 37.Rg4 Rf5+ 38.Ke2 Nd6 39.Rd4 Ne8 40.Rh4 Kg8 41.Re4 Kf8 42.Rh4 Kg8
43.Re4 Nc7 44.Re7 Rc5 45.c4 a5 46.Kd3 Ne6 47.Re8+ Kh7 48.Re7 Nxg5 49.Kd4 Rf5
50.Ra7 Kh6  0-1

[Event "Graz op"]
[Site "Graz"]
[Date "1995.??.??"]
[Round "3"]
[White "Riedner, Martin"]
[Black "Rabiega, Robert"]
[Result "0-1"]
[WhiteElo "2170"]
[BlackElo "2470"]

1.e4 c5 2.Nf3 Nc6 3.Bb5 d6 4.O-O Bd7 5.Re1 Nf6 6.c3 a6 7.Bf1 e5 8.h3 Be7
9.d4 Qc7 10.d5 Na7 11.a4 b5 12.axb5 axb5 13.Na3 O-O 14.Bg5 Rab8 15.Qd2 Nc8
16.Nc2 Ne8 17.Bxe7 Nxe7 18.Ne3 c4 19.g3 g6 20.Kh2 Qb6 21.Bg2 f6 22.Nc2 f5
23.exf5 Bxf5 24.Nb4 Nc7 25.Nd4 Rf7 26.Nxf5 Nxf5 27.Re4 Rbf8 28.f4 exf4 29.Rxf4 Ne8
30.Re1 Nf6 31.Ra1 h5 32.Raf1 h4 33.g4  0-1

[Event "Graz op"]
[Site "Graz"]
[Date "1995.??.??"]
[Round "3"]
[White "Palos, Osman"]
[Black "Wells, Peter K"]
[Result "1-0"]
[WhiteElo "2355"]
[BlackElo "2545"]

1.e4 c5 2.Nf3 Nc6 3.Bb5 g6 4.O-O Bg7 5.Re1 Nf6 6.Nc3 O-O 7.e5 Ne8 8.Bxc6 dxc6
9.d3 Bg4 10.h3 Bxf3 11.Qxf3 Nc7 12.Bf4 Ne6 13.Bh2 Qa5 14.Ne4 Rad8 15.Qe3 Rd5
16.Nd2 Qa4 17.b3 Qd4 18.Nf3 Qc3 19.Qe2 b5 20.a4 c4 21.axb5 cxd3 22.cxd3 cxb5
23.Rxa7 Rxd3 24.Rb1 Rfd8 25.Rxe7 Qc5 26.Re8+ Bf8 27.Rxd8 Rxd8 28.Bg3 Qd5
29.Bh4 Rc8 30.Qd2 Qe4 31.Re1 Qc6 32.Bf6 h6 33.Qe3 Qc2 34.Nd4 Nxd4 35.Qxd4 Qxb3
36.e6 fxe6 37.Qd7 Qc4 38.Be5 Qc6 39.Qd3 Kh7 40.Ra1  1-0

[Event "Groningen op"]
[Site "Groningen"]
[Date "1995.??.??"]
[Round "?"]
[White "Rozentalis, Eduardas"]
[Black "Schoen, Wolfram"]
[Result "1-0"]
[WhiteElo "2610"]
[BlackElo "2400"]

1.e4 c5 2.Nf3 Nc6 3.Bb5 g6 4.O-O Bg7 5.c3 Nf6 6.Re1 O-O 7.d4 d5 8.e5 Ne4
9.Bxc6 bxc6 10.Nbd2 cxd4 11.cxd4 c5 12.dxc5 Nxc5 13.Nb3 Nxb3 14.Qxb3 Bg4
15.Nd4 Rb8 16.Qg3 Bd7 17.b3 Qa5 18.Bg5 Rfe8 19.Qh4 f6 20.Bh6 Bxh6 21.Qxh6 Qc3
22.Rad1 fxe5 23.Rxe5 e6 24.h4 Rb4 25.Nf3 Rg4 26.Re3 Qc2 27.Rd2 Qc1+ 28.Re1 Qa3
29.Ng5 Re7 30.Rde2 Qb4 31.Nf3 e5 32.g3 e4 33.Nh2 Rf7 34.Qd2 Qc5 35.Nxg4 Bxg4
36.Rc1 Qb6 37.Re3 Be6 38.Rec3 d4 39.Rc6 e3 40.Rxb6 exd2 41.Rb8+ Kg7 42.Rd1 Rc7
43.Rxd2 Bd5 44.f3 Bxf3 45.Kf2 Bh1 46.Rd8 Rf7+ 47.Kg1  1-0

[Event "Groningen op"]
[Site "Groningen"]
[Date "1995.??.??"]
[Round "?"]
[White "Ristic, Nenad"]
[Black "Oosterom, Erik"]
[Result "0-1"]
[WhiteElo "2400"]
[BlackElo "2205"]

1.e4 c5 2.Nf3 Nc6 3.Bb5 g6 4.c3 Nf6 5.e5 Nd5 6.O-O Bg7 7.d4 cxd4 8.cxd4 O-O
9.Nc3 Nc7 10.Bxc6 dxc6 11.h3 Be6 12.Qe2 Bd5 13.Ne4 Ne6 14.Rd1 Qb6 15.Neg5 Nxg5
16.Bxg5 f6 17.exf6 exf6 18.Be3 Rf7 19.Ne1 Re8 20.Qd2 f5 21.b3 f4 22.Bxf4 Bxd4
23.Nc2 Bxf2+ 24.Kh1 Re4 25.Bh2 Rfe7 26.Qg5 Bh4 27.Qh6 Bf6 28.Bg1 Qc7 29.Bh2 Qb6
30.Bg1 Qc7 31.Bh2 Qc8 32.Rac1 Re2 33.Nb4 Bxg2+ 34.Kg1 Bxh3 35.Qf4 R7e4 36.Qd6 Qg4+
37.Bg3 Qf3  0-1

[Event "Groningen op"]
[Site "Groningen"]
[Date "1995.??.??"]
[Round "?"]
[White "Skripchenko, Almira"]
[Black "Golod, Vitali"]
[Result "1/2-1/2"]
[WhiteElo "2400"]
[BlackElo "2540"]

1.e4 c5 2.Nf3 Nc6 3.Bb5 e6 4.Bxc6 bxc6 5.d3 d5 6.Qe2 Nf6 7.c4 Be7 8.O-O O-O
9.Nc3 Re8 10.Re1 Bb7 11.e5 Nd7 12.Bf4 Nf8 13.Na4 Rc8 14.Rac1 Kh8 15.Qe3 Nd7
16.b3 Qa5 17.Qe2 Kg8 18.h4  1/2-1/2

[Event "Groningen op"]
[Site "Groningen"]
[Date "1995.??.??"]
[Round "?"]
[White "Skripchenko, Almira"]
[Black "Ivliev, Oleg"]
[Result "1-0"]
[WhiteElo "2400"]
[BlackElo "2285"]

1.e4 c5 2.Nf3 Nc6 3.Bb5 g6 4.Bxc6 dxc6 5.d3 Bg7 6.Nc3 e5 7.Be3 b6 8.h3 Qc7
9.a4 Nf6 10.Qd2 O-O 11.g4 Rd8 12.b3 Ba6 13.Qe2 Qe7 14.Nd2 Nd7 15.h4 Nf8 16.Qf3 Ne6
17.Ne2 Rd7 18.h5 Rad8 19.Qg2 Bf6 20.Nf3 Nf4 21.Bxf4 exf4 22.Rb1 Bxd3 23.cxd3 Rxd3
24.e5 Bxe5 25.O-O gxh5 26.gxh5+ Kh8 27.Qh3 Qf6 28.Kg2 Bd4 29.Rfd1 Rxd1 30.Rxd1 Qd6
31.Nexd4 cxd4 32.Rxd4 Rg8+ 33.Kh2 Qf6 34.Re4 h6 35.Re5 Qg7 36.Rf5 Qb2 37.Qh4 Qxb3
38.Qxf4 Kh7 39.Rxf7+ Rg7 40.Qf5+ Kh8 41.Rf8+ Rg8 42.Qf6+  1-0

[Event "Groningen op"]
[Site "Groningen"]
[Date "1995.??.??"]
[Round "?"]
[White "Van der Raaf, Erik"]
[Black "Skripchenko, Almira"]
[Result "0-1"]
[WhiteElo "2215"]
[BlackElo "2400"]

1.e4 c5 2.Nf3 Nc6 3.Bb5 g6 4.O-O Bg7 5.c3 e5 6.d4 exd4 7.Bf4 a6 8.Bxc6 dxc6
9.e5 Bg4 10.h3 Bxf3 11.Qxf3 Ne7 12.Rd1 Qd5 13.cxd4 Qxf3 14.gxf3 O-O-O 15.Nc3 cxd4
16.Ne4 Nf5 17.Ng5 Rd7 18.e6 fxe6 19.Nxe6 Re8 20.Nxg7 Rxg7 21.Rd3 Re2 22.Bd2 c5
23.Rc1 Rc7 24.Kf1 Re8 25.b3 b5 26.Bf4 Rc6 27.Bg3 c4 28.bxc4 bxc4 29.Ra3 Kd7
30.Ra4 c3  0-1

[Event "Groningen op"]
[Site "Groningen"]
[Date "1995.??.??"]
[Round "?"]
[White "Tseitlin, Mark D"]
[Black "Degraeve, Jean Marc"]
[Result "0-1"]
[WhiteElo "2545"]
[BlackElo "2410"]

1.e4 c5 2.Nf3 Nc6 3.Bb5 g6 4.Bxc6 dxc6 5.d3 Bg7 6.h3 e5 7.Be3 Qe7 8.Qd2 Nf6
9.Qc3 Nd7 10.a3 O-O 11.b4 Re8 12.Nbd2 Bf8 13.Rb1 b5 14.O-O a6 15.Nb3 cxb4
16.axb4 Qd6 17.Qa1 Qc7 18.Qc3 Nb6 19.Bxb6 Qxb6 20.Nxe5 Bxb4 21.Qxb4 Rxe5
22.Qc3 Re8 23.Nc5 a5 24.d4 Be6 25.f4 Qc7 26.Rf3 Rad8 27.f5 Bc8 28.Rd1 gxf5
29.exf5 f6 30.Re1 Rxe1+ 31.Qxe1 Rxd4 32.Qe8+ Kg7 33.Ne4 Rd1+ 34.Kf2 Rd8 35.Qh5 Qe7
36.Re3 c5 37.Qe2 Re8 38.Qf3 Kh8 39.Qg4 Qg7 40.Qh5 Re5 41.g4 Bb7 42.Rd3 Qe7
43.Nxf6 Qxf6 44.Rd7 Re7 45.Kg1 Qa1+  0-1

[Event "Groningen op"]
[Site "Groningen"]
[Date "1995.??.??"]
[Round "?"]
[White "Tompa, Janos"]
[Black "De Vreugt, Dennis"]
[Result "0-1"]
[WhiteElo "2455"]
[BlackElo "2270"]

1.e4 c5 2.Nf3 Nc6 3.Bb5 g6 4.O-O Bg7 5.c3 Nf6 6.Qe2 O-O 7.d4 cxd4 8.cxd4 d5
9.e5 Ne4 10.Be3 f6 11.exf6 exf6 12.Nc3 Be6 13.Bxc6 bxc6 14.Na4 Bg4 15.Rac1 Qd7
16.Qc2 Bxf3 17.gxf3 Ng5 18.Bxg5 fxg5 19.Qxc6 Qf5 20.Qc3 Qh3 21.f4 Qg4+ 22.Qg3 Rxf4
23.Qxg4 Rxg4+ 24.Kh1 Rxd4 25.b3 Rd2 26.Rcd1 Rxd1 27.Rxd1 d4 28.Nc5 Kf7 29.Kg2 g4
30.b4 Rc8 31.Rd3 a5 32.Ne4 Ke6 33.bxa5 Kd5 34.f3 gxf3+ 35.Kxf3 Rf8+  0-1

[Event "Groningen op"]
[Site "Groningen"]
[Date "1995.??.??"]
[Round "?"]
[White "Bojkovic, Natasa"]
[Black "De Vreugt, Dennis"]
[Result "0-1"]
[WhiteElo "2425"]
[BlackElo "2270"]

1.e4 c5 2.Nf3 Nc6 3.Bb5 g6 4.O-O Bg7 5.Bxc6 dxc6 6.d3 Nf6 7.a4 a5 8.Na3 O-O
9.Be3 b6 10.h3 Ba6 11.Re1 Ne8 12.d4 cxd4 13.Bxd4 c5 14.Bxg7 Nxg7 15.c3 Qc7
16.Qb3 Rad8 17.Nc4 Bxc4 18.Qxc4 Ne6 19.Rad1 Rxd1 20.Rxd1 Rd8 21.Rxd8+ Qxd8
22.g3 Qd6 23.Kg2 Kg7 24.Qe2 Nf8 25.Qc4 Nd7 26.Qb5 h6 27.h4 Ne5 28.Nxe5 Qxe5
29.Qd3 Qe6 30.b4 Qb3 31.bxc5 bxc5 32.Qe3 Qxa4 33.Qxc5 Qxe4+ 34.f3 Qc2+ 35.Kg1 Qd1+
36.Kf2 Qd2+ 37.Kf1 Qc1+ 38.Kg2 Qb2+ 39.Kh3 Qa2 40.Qe5+ Kh7 41.h5 gxh5 42.Qe4+ Kg8
43.c4 Qa1 44.Kg2 e6 45.Qe3 Qa2+ 46.Kh3 Qxc4 47.Qxh6 Qf1+ 48.Kh2 Qf2+ 49.Kh3 Qxf3
50.Kh2 Qf5 51.Qc1 a4 52.Qc8+ Kh7 53.Qa8 Qg4 54.Qf8 Qe2+ 55.Kh3 Qf3 56.Kh2 a3
57.g4 hxg4  0-1

[Event "Wch U16"]
[Site "Guarapuava"]
[Date "1995.??.??"]
[Round "4"]
[White "Samulevicius, Tomas"]
[Black "Svicevic, Rastko"]
[Result "1/2-1/2"]
[WhiteElo "2095"]
[BlackElo "2265"]

1.e4 c5 2.Nf3 Nc6 3.Bb5 g6 4.O-O Bg7 5.Re1 Nf6 6.e5 Nd5 7.b3 O-O 8.Bb2 Nc7
9.a4 d6 10.Bxc6 bxc6 11.h3 f6 12.exd6 exd6 13.d3 Be6 14.Nbd2 Qd7 15.Ne4 Rad8
16.d4 cxd4 17.Nxd4 Bd5 18.c4 Bxe4 19.Rxe4 Rfe8 20.Rxe8+ Rxe8 21.Qd2 f5 22.Nf3 Ne6
23.Bxg7 Kxg7 24.Rd1 Rd8 25.Qc3+ Kg8 26.Nd4  1/2-1/2